Возможность получения I125 в реакторной петле на исследовательском реакторе ИРТ-Т; Современные техника и технологии; Т. 3

Bibliografische gegevens
Parent link:Современные техника и технологии: сборник трудов XV Международной научно-практической конференции студентов, аспирантов и молодых ученых, Томск, 4-8 мая 2009 г/ Национальный исследовательский Томский политехнический университет (ТПУ).— , 2009
Т. 3.— 2009.— [С. 50-52]
Hoofdauteur: Зукау В. В. Валерий Викторович
Andere auteurs: Глухов Г. Г. Геннадий Георгиевич (научный руководитель)
Samenvatting:Заглавие с титульного листа
Электронная версия печатной публикации
Taal:Russisch
Gepubliceerd in: 2009
Reeks:Физические методы в науке и технике
Onderwerpen:
Online toegang:http://www.lib.tpu.ru/fulltext/c/2009/C01/V3/014.pdf
Formaat: Elektronisch Hoofdstuk
KOHA link:https://koha.lib.tpu.ru/cgi-bin/koha/opac-detail.pl?biblionumber=243758

MARC

LEADER 00000naa2a2200000 4500
001 243758
005 20251219104713.0
035 |a (RuTPU)RU\TPU\book\265110 
035 |a RU\TPU\book\265109 
090 |a 243758 
100 |a 20131006d2009 k y0rusy50 ca 
101 0 |a rus 
102 |a RU 
135 |a drnn ---uucaa 
181 0 |a i  
182 0 |a b 
200 1 |a Возможность получения I125 в реакторной петле на исследовательском реакторе ИРТ-Т  |f В. В. Зукау  |g науч. рук. Г. Г. Глухов 
203 |a Текст  |c электронный 
215 |a 1 файл (852 Кб) 
225 1 |a Физические методы в науке и технике 
300 |a Заглавие с титульного листа 
300 |a Электронная версия печатной публикации 
320 |a Библиогр.: 3 назв. 
337 |a Adobe Reader 
461 0 |0 (RuTPU)RU\TPU\book\261117  |t Современные техника и технологии  |o сборник трудов XV Международной научно-практической конференции студентов, аспирантов и молодых ученых, Томск, 4-8 мая 2009 г  |o в 3 т.  |f Национальный исследовательский Томский политехнический университет (ТПУ)  |d 2009 
463 0 |0 (RuTPU)RU\TPU\book\262639  |t Т. 3  |v [С. 50-52]  |d 2009 
610 1 |a йод 
610 1 |a реактивная петля 
610 1 |a исследовательские реакторы 
610 1 |a ИРТ-Т 
610 1 |a труды учёных ТПУ 
610 1 |a электронный ресурс 
700 1 |a Зукау  |b В. В.  |c физик  |c инженер Томского политехнического университета  |f 1983-  |g Валерий Викторович  |3 (RuTPU)RU\TPU\pers\27836  |9 12871 
702 1 |a Глухов  |b Г. Г.  |c специалист в области радиационного контроля  |c заведующий лабораторией Томского политехнического университета, кандидат химических наук  |f 1940-  |g Геннадий Георгиевич  |4 727 
801 1 |a RU  |b 63413507  |c 20130617 
801 2 |a RU  |b 63413507  |c 20131230  |g RCR 
856 4 |u http://www.lib.tpu.ru/fulltext/c/2009/C01/V3/014.pdf  |z http://www.lib.tpu.ru/fulltext/c/2009/C01/V3/014.pdf 
942 |c CF